2024 hit songs - Statistics

General Stats
  • This quiz has been taken 100 times
  • The average score is 10 of 15
Answer Stats
Song Artist % Correct
Espresso Sabrina Carpenter
92%
Not Like Us Kendrick Lamar
91%
Die With a Smile {Bruno Mars} and {Lady Gaga}
87%
BIRDS OF A FEATHER Billie Eilish
86%
APT. ROSÉ
78%
Beautiful Things Benson Boone
77%
Texas Hold 'Em Beyoncé
77%
Good Luck, Babe! Chappell Roan
72%
Too Sweet Hozier
64%
Yes, And? Ariana Grande
62%
Houdini Eminem
61%
That's So True Gracie Abrams
61%
A Bar Song (Tipsy) Shaboozey
56%
End of Beginning Djo
44%
i like the way you kiss me Artemas
27%
No matching quizzes found
Score Distribution
Percent of People with Each Score
Percentile by Number Answered
Your Score History
You have not taken this quiz